Culture Générale - Série 1579 - Statistiques

Statistiques générales
  • Ce quiz a été pris 122 fois
  • Le résultat moyen est 5 sur 10
Statistiques - réponses
Question Réponse % Correct
À quel ouvrage Denis Diderot a-t-il consacré plus de vingt ans de sa vie ? L'Encyclopédie
81%
Quelle région française abrite la côte de Granit rose ? Bretagne
77%
Quelle capitale située sur le Danube fut assiégée par les Turcs, en 1683 ? Vienne
64%
L'île de Bornéo est partagée administrativement entre les États du Brunei, de la Malaisie et de... l'Indonésie
62%
De quel grand arbre tire-t-on le latex servant à fabriquer le caoutchouc ? hévéa
57%
De quelle actrice française Eva Green est-elle la fille ? Marlène Jobert
57%
Avec René Goscinny, quel dessinateur a créé la série "Le Petit Nicolas" ? Jean-Jacques Sempé
50%
Quel bonbon de sucre cuit est une spécialité de la ville de Nancy ? bergamote
38%
En 1942, qui est l'auteur de ces vers : "Sur mes cahiers d'écolier, Sur mon pupitre et les arbres, Sur le sable sur la neige, J'écris ton nom (...) Liberté" ? Paul Éluard
37%
Quelle organisation religieuse et caritative a été fondée en 1878 par le pasteur méthodiste William Booth ? L'Armée du salut
9%
Aucun quiz correspondant
Distribution des résultats
% des personnes avec chaque résultat
Percentile par nombre de réponses
Votre historique - résultats
Vous n’avez pas pris ce quiz